000 00722nam a22002655i 4500
001 20165179
003 NUST
005 20230413085941.0
008 171206s2018 nyu 000 0 eng
010 _a 2017963001
020 _a9783319723105
040 _aDLC
_beng
_erda
_cDLC
042 _apcc
082 _a307.76
_bCLA
245 0 0 _aUrban renewal, community and participation.
263 _a1801
264 1 _aNew York, NY :
_bSpringer Berlin Heidelberg,
_c2018.
300 _apages cm
336 _atext
_btxt
_2rdacontent
337 _aunmediated
_bn
_2rdamedia
338 _avolume
_bnc
_2rdacarrier
906 _a0
_bibc
_corignew
_d2
_eepcn
_f20
_gy-gencatlg
942 _2ddc
_cBK
999 _c594486
_d594486